000 00331nam a2200109Ia 4500
005 20251222144924.0
008 251222s9999||||xx |||||||||||||| ||spa||
082 _a352.098.525/Q23/Ej.2
245 0 _a¿Qué Hacemos con Lima? ¿Qué dicen los Candidatos?
264 _bCentro de Investigación Universidad del Pacífico
942 _cLIB
999 _c22825
_d22825